000 02398nam a2200625 i 4500
001 11089
003 KOSZ 005
005 20230630130320.0
008 230629s1954 pl ab g 001 0 pol
015 _aUWD 1954/4827
035 _a991044272359705066
035 _a(PL-WaBN)b22017161-48omnis_nlop
035 _ab22017161
035 _a(OCoLC)832677851
035 _a(PL)b0000002201716
035 _a(EXLNZ-48OMNIS_NETWORK)9910163387705606
040 _aWA N
_cWA N
_dKOSZ 005/RW
041 1 _apol
_hrus
045 _bd1640
_bd1789
046 _k1953
080 _a94(100)
245 0 0 _aHistoria nowożytna.
_nT. 1,
_p1640-1789 /
_cpod redakcją B. F. Porszniewa, S. D. Skazkina i W. W. Biriukowa ; [tłumaczyli I. Ogrodowicz, W. Głuchowski, A. Śleszyńska ; mapy opracowanie A. L. Narocznicki].
246 1 _iTytuł oryginału:
_aNovaâ istoriâ
250 _aWydanie I.
260 _aWarszawa :
_b"Książka i Wiedza",
_c1954.
300 _a464 strony :
_bmapy, errata ;
_c25 cm +
_emapy ([9] kart map luzem (w tym złożone).
336 _aTekst
_btxt
_2rdacontent
337 _aBez urządzenia pośredniczącego
_bn
_2rdamedia
338 _aWolumin
_bnc
_2rdacarrier
380 _aKsiążki
380 _aPublikacje popularnonaukowe
388 1 _a1901-2000
388 1 _a1945-1989
500 _aMapy w obwolucie.
504 _aBibliografia na stronach [433]-449. Indeks.
648 7 _a1601-1700
_2DBN
648 7 _a1701-1800
_2DBN
650 7 _aGospodarka
650 7 _aPolityka
650 7 _aStosunki dyplomatyczne
650 7 _aSpołeczeństwo
655 7 _aOpracowanie
658 _aHistoria
700 1 _aBirûkov, Viktor Vasilevič
_eRedakcja
700 1 _aGłuchowski, Władysław
_eTłumaczenie
700 1 _aNaročnickij, Aleksej Leont'evič
_d(1907-1989)
_eOpracowanie
700 1 _aOgrodowicz, Izabela
_eTłumaczenie
700 1 _aPoršnev, Boris Fedorovič
_d(1905-1972)
_eRedakcja
700 1 _aSkazkin, Sergej Danilovič
_d(1890-1973)
_eRedakcja
700 1 _aŚleszyńska, A.
_eTłumaczenie
710 2 _aSpółdzielnia Wydawniczo-Handlowa "Książka i Wiedza"
_4pbl
856 _uhttp://koha.tu.koszalin.pl/cgi-bin/koha/opac-detail.pl?biblionumber=11089
_yKatalog online BPK
942 _2UKD
_cKS
999 _c11089
_d11089